Finaliste dei Mondiali - Statistics

Statistiche generali
  • Questo quiz è stato fatto 80 volte
  • Il punteggio medio è 11 su 13
Statistiche sulle risposte
Continente Numero finali Edizione delle finali Nazionale % Corretto
Europa 8 1954; 1970; 1974; 1982; 1986; 1990; 2002, 2014 Germania
100%
Europa 6 1934; 1938; 1970; 1982; 1994; 2006 Italia
100%
America del Sud 6 1930; 1978; 1986; 1990; 2014, 2022 Argentina
97%
America del Sud 7 1950; 1958; 1962; 1970; 1994; 1998; 2002 Brasile
97%
Europa 4 1998, 2006, 2018; 2022 Francia
97%
Europa 1 2018 Croazia
90%
Europa 1 1966 Inghilterra
90%
Europa 1 2010 Spagna
90%
America del Sud 2 1930; 1950 Uruguay
90%
Europa 3 1974; 1978; 2010 Paesi Bassi
83%
Europa 1 1958 Svezia
72%
Europa 2 1938; 1954 Ungheria
68%
Europa 2 1934; 1962 Cecoslovacchia
63%
Nessun quiz corrispondente trovato
Distribuzione punteggi
Percentuale di utenti per punteggio
Percentile per numero di risposta
I tuoi punteggi nel tempo
Non hai fatto questo quiz